[Event "CZE-ch 2020"]
[Site "Pilsen"]
[Date "2020.08.25"]
[Round "3.8"]
[White "Havelka, Josef"]
[Black "Stalmach, Richard"]
[Result "0-1"]
[WhiteElo "2367"]
[BlackElo "2273"]
[Annotator "ChessBase"]
[PlyCount "56"]
[EventDate "2020.08.23"]
[EventType "swiss"]
[EventCountry "CZE"]
[SourceTitle "playchess.com"]
[Source "ChessBase"]
[SourceQuality "1"]
[TimeControl "40/5400+30:1800+30"]

1. e4 {[%emt 0:00:00]} c5 {[%emt 0:00:00]} 2. Nf3 {[%emt 0:00:00]} Nc6 {[%emt 0:00:00]} 3. d4 {[%emt 0:00:09]} cxd4 {[%emt 0:00:00]} 4. Nxd4 {[%emt 0:00:05]} e6 {[%emt 0:00:00]} 5. Nc3 {[%emt 0:00:47]} Nf6 {[%emt 0:00:00]} 6. Nxc6 {[%emt 0:01:30]} bxc6 {[%emt 0:00:04]} 7. e5 {[%emt 0:00:07]} Nd5 {[%emt 0:00:03]} 8. Ne4 {[%emt 0:00:51]} Qc7 {[%emt 0:00:05]} 9. f4 {[%emt 0:00:23]} f5 {[%emt 0:00:07]} 10. exf6 {[%emt 0:14:51]} gxf6 {[%emt 0:00:06]} 11. Bc4 {[%emt 0:20:34]} Qb6 {[%emt 0:00:15]} 12. Qh5+ {[%emt 0:09:41]} Kd8 {[%emt 0:01:00]} 13. Bxd5 {[%emt 0:06:11]} exd5 {[%emt 0:00:17]} 14. Nxf6 {[%emt 0:07:38]} Be7 {[%emt 0:00:08]} 15. Ng4 {[%emt 0:04:09]} Re8 {[%emt 0:00:37]} 16. Ke2 {[%emt 0:02:52]} Ba6+ {[%emt 0:21:58]} 17. Kf3 {[%emt 0:00:08]} Bc5 {[%emt 0:00:12]} 18. h3 {[%emt 0:05:09]} Kc7 {[%emt 0:03:33]} 19. Kg3 {[%emt 0:05:03]} Re2 {[%emt 0:00:49]} 20. Rd1 {[%emt 0:04:52]} Rg8 {[%emt 0:20:26]} 21. c3 {[%emt 0:03:55]} Bf2+ {[%emt 0:03:04]} 22. Kh2 {[%emt 0:00:37]} Bg3+ {[%emt 0:00:03]} 23. Kh1 {[%emt 0:01:06]} Rxg4 {[%emt 0:00:17]} 24. Be3 {[%emt 0:05:42]} Qxe3 {[%emt 0:00:49]} 25. hxg4 {[%emt 0:00:27]} Rxg2 {[%emt 0:02:21]} 26. Qe5+ {[%emt 0:03:36]} Qxe5 {[%emt 0:00:03]} 27. fxe5 {[%emt 0:00:03]} Rxb2 {[%emt 0:00:43]} 28. Rg1 {[%emt 0:02:31]} Rh2# 0-1

[Event "CZE-ch 2020"]
[Site "Pilsen"]
[Date "2020.08.25"]
[Round "3.9"]
[White "Brejnik, Gustav"]
[Black "Hollan, Martin"]
[Result "1/2-1/2"]
[WhiteElo "2265"]
[BlackElo "2346"]
[Annotator "ChessBase"]
[PlyCount "72"]
[EventDate "2020.08.23"]
[EventType "swiss"]
[EventCountry "CZE"]
[SourceTitle "playchess.com"]
[Source "ChessBase"]
[SourceQuality "1"]
[TimeControl "40/5400+30:1800+30"]

1. d4 {[%emt 0:00:00]} Nf6 {[%emt 0:00:00]} 2. c4 {[%emt 0:00:00]} e6 {[%emt 0:00:00]} 3. Nf3 {[%emt 0:00:00]} d5 {[%emt 0:00:00]} 4. g3 {[%emt 0:00:00]} dxc4 {[%emt 0:00:00]} 5. Bg2 {[%emt 0:00:00]} a6 {[%emt 0:00:08]} 6. O-O {[%emt 0:00:19]} Nc6 {[%emt 0:00:16]} 7. e3 {[%emt 0:05:42]} Rb8 {[%emt 0:00:23]} 8. Nfd2 {[%emt 0:03:46]} Qd7 {[%emt 0:00:06]} 9. Nxc4 {[%emt 0:00:53]} b5 {[%emt 0:00:08]} 10. Ncd2 {[%emt 0:12:43]} Be7 {[%emt 0:01:40]} 11. b3 {[%emt 0:01:59]} O-O {[%emt 0:00:44]} 12. Bb2 {[%emt 0:01:11]} Rd8 {[%emt 0:01:41]} 13. Qe2 {[%emt 0:06:05]} Bb7 {[%emt 0:00:21]} 14. Rd1 {[%emt 0:00:43]} Nb4 {[%emt 0:10:16]} 15. Nf3 {[%emt 0:08:27]} c5 {[%emt 0:04:41]} 16. a3 {[%emt 0:14:56]} Nc6 {[%emt 0:01:26]} 17. Nc3 {[%emt 0:00:04]} cxd4 {[%emt 0:00:59]} 18. Nxd4 {[%emt 0:01:20]} Qe8 {[%emt 0:03:19]} 19. Nxc6 {[%emt 0:03:13]} Bxc6 {[%emt 0:02:04]} 20. Rac1 {[%emt 0:00:53]} Bxg2 {[%emt 0:15:32]} 21. Kxg2 {[%emt 0:00:06]} Rdc8 {[%emt 0:08:48]} 22. Nb1 {[%emt 0:17:19]} Rc6 {[%emt 0:03:29]} 23. Nd2 {[%emt 0:01:04]} Rbc8 {[%emt 0:00:41]} 24. Nf3 {[%emt 0:00:14]} Rxc1 {[%emt 0:00:35]} 25. Rxc1 {[%emt 0:00:01]} Rxc1 {[%emt 0:00:21]} 26. Bxc1 {[%emt 0:00:02]} Qc6 {[%emt 0:01:06]} 27. Bb2 {[%emt 0:00:01]} Qd5 {[%emt 0:06:57]} 28. Qc2 {[%emt 0:00:45]} Ne4 {[%emt 0:05:11]} 29. Kg1 {[%emt 0:04:56]} Nxg3 {[%emt 0:08:36]} 30. hxg3 {[%emt 0:00:34]} Qxf3 {[%emt 0:00:11]} 31. Qc8+ {[%emt 0:00:19]} Bf8 {[%emt 0:00:04]} 32. Bd4 {[%emt 0:02:32]} Qd1+ {[%emt 0:08:44]} 33. Kh2 {[%emt 0:00:02]} Qh5+ {[%emt 0:09:28]} 34. Kg1 {[%emt 0:00:02]} Qd1+ {[%emt 0:06:12]} 35. Kh2 {[%emt 0:00:08]} Qh5+ {[%emt 0:01:08]} 36. Kg1 {[%emt 0:00:12]} Qd1+ {[%emt 0:01:12]} 1/2-1/2

[Event "CZE-ch 2020"]
[Site "Pilsen"]
[Date "2020.08.25"]
[Round "3.10"]
[White "Gloser, David"]
[Black "Sorm, Daniel"]
[Result "1/2-1/2"]
[WhiteElo "2248"]
[BlackElo "2343"]
[Annotator "ChessBase"]
[PlyCount "61"]
[EventDate "2020.08.23"]
[EventType "swiss"]
[EventCountry "CZE"]
[SourceTitle "playchess.com"]
[Source "ChessBase"]
[SourceQuality "1"]
[TimeControl "40/5400+30:1800+30"]

1. d4 {[%emt 0:00:00]} Nf6 {[%emt 0:03:58]} 2. c4 {[%emt 0:00:00]} e6 {[%emt 0:02:05]} 3. Nc3 {[%emt 0:01:21]} Bb4 {[%emt 0:00:24]} 4. e3 {[%emt 0:03:52]} O-O {[%emt 0:02:46]} 5. Bd3 {[%emt 0:01:27]} d5 {[%emt 0:01:17]} 6. Nf3 {[%emt 0:02:29]} c5 {[%emt 0:02:45]} 7. O-O {[%emt 0:01:59]} Nc6 {[%emt 0:05:05]} 8. a3 {[%emt 0:03:44]} Bxc3 {[%emt 0:00:36]} 9. bxc3 {[%emt 0:00:08]} dxc4 {[%emt 0:02:55]} 10. Bxc4 {[%emt 0:00:44]} Qc7 {[%emt 0:00:53]} 11. Qe2 {[%emt 0:05:45]} e5 {[%emt 0:04:28]} 12. Nxe5 {[%emt 0:06:31]} Nxe5 {[%emt 0:00:23]} 13. dxe5 {[%emt 0:00:05]} Qxe5 {[%emt 0:00:26]} 14. h3 {[%emt 0:26:30]} Ne4 {[%emt 0:20:02]} 15. Bb2 {[%emt 0:00:30]} Be6 {[%emt 0:00:19]} 16. Bxe6 Qxe6 {[%emt 0:05:16]} 17. c4 {[%emt 0:08:13]} Rfd8 18. Rfd1 {[%emt 0:10:49]} Rd6 {[%emt 0:05:24]} 19. f3 {[%emt 0:00:37]} Ng3 {[%emt 0:01:15]} 20. Qf2 {[%emt 0:02:09]} Rad8 {[%emt 0:06:54]} 21. Rd5 Nf5 22. e4 {[%emt 0:02:03]} Ne7 {[%emt 0:00:51]} 23. Qxc5 {[%emt 0:00:55]} Nxd5 {[%emt 0:02:32]} 24. cxd5 {[%emt 0:00:04]} b6 {[%emt 0:01:30]} 25. Qd4 {[%emt 0:01:05]} Qg6 26. Rc1 {[%emt 0:02:46]} f6 {[%emt 0:04:00]} 27. Rc7 R6d7 {[%emt 0:02:30]} 28. Rc6 {[%emt 0:02:30]} Qf7 {[%emt 0:01:44]} 29. Qc4 {[%emt 0:01:34]} h6 {[%emt 0:01:12]} 30. a4 {[%emt 0:01:31]} Qf8 {[%emt 0:03:35]} 31. Qc3 {[%emt 0:03:18]} 1/2-1/2

[Event "CZE-ch 2020"]
[Site "Pilsen"]
[Date "2020.08.25"]
[Round "3.11"]
[White "Cerveny, Petr"]
[Black "Zeman, Matyas"]
[Result "1/2-1/2"]
[WhiteElo "2340"]
[BlackElo "2250"]
[Annotator "ChessBase"]
[PlyCount "62"]
[EventDate "2020.08.23"]
[EventType "swiss"]
[EventCountry "CZE"]
[SourceTitle "playchess.com"]
[Source "ChessBase"]
[SourceQuality "1"]
[TimeControl "40/5400+30:1800+30"]

1. e4 {[%emt 0:00:00]} e5 {[%emt 0:00:00]} 2. Nf3 {[%emt 0:00:00]} Nc6 {[%emt 0:00:00]} 3. Bb5 {[%emt 0:00:24]} Nf6 {[%emt 0:00:00]} 4. O-O {[%emt 0:00:19]} Nxe4 {[%emt 0:00:00]} 5. Re1 {[%emt 0:00:14]} Nd6 {[%emt 0:00:02]} 6. Nxe5 {[%emt 0:00:06]} Be7 {[%emt 0:00:07]} 7. Bf1 {[%emt 0:00:19]} Nf5 {[%emt 0:00:11]} 8. Nf3 {[%emt 0:03:04]} O-O {[%emt 0:00:05]} 9. d4 {[%emt 0:01:03]} d5 {[%emt 0:00:04]} 10. c3 {[%emt 0:01:31]} Re8 {[%emt 0:05:55]} 11. Bf4 {[%emt 0:04:20]} Bd6 {[%emt 0:00:57]} 12. Rxe8+ {[%emt 0:02:05]} Qxe8 {[%emt 0:00:05]} 13. Bxd6 {[%emt 0:01:00]} Nxd6 {[%emt 0:00:06]} 14. Qb3 {[%emt 0:01:09]} Be6 {[%emt 0:05:59]} 15. Nbd2 {[%emt 0:00:50]} f6 {[%emt 0:08:11]} 16. Re1 {[%emt 0:05:21]} Qd7 {[%emt 0:00:29]} 17. Bd3 {[%emt 0:04:49]} Bf7 {[%emt 0:02:25]} 18. Qc2 {[%emt 0:01:04]} g6 {[%emt 0:00:09]} 19. Nf1 {[%emt 0:00:58]} Re8 {[%emt 0:00:23]} 20. Rxe8+ {[%emt 0:00:58]} Qxe8 {[%emt 0:00:04]} 21. Ng3 {[%emt 0:00:28]} Kg7 {[%emt 0:01:43]} 22. h4 {[%emt 0:04:33]} Nd8 {[%emt 0:06:01]} 23. h5 {[%emt 0:02:34]} Ne6 {[%emt 0:00:31]} 24. hxg6 {[%emt 0:20:33]} hxg6 {[%emt 0:00:14]} 25. Ne2 {[%emt 0:00:25]} Qh8 {[%emt 0:05:34]} 26. b3 {[%emt 0:04:22]} Qh6 {[%emt 0:04:09]} 27. c4 {[%emt 0:04:39]} dxc4 {[%emt 0:01:29]} 28. Bxc4 {[%emt 0:11:01]} Nxc4 {[%emt 0:01:23]} 29. bxc4 {[%emt 0:00:31]} Ng5 {[%emt 0:01:14]} 30. Nxg5 {[%emt 0:03:16]} Qxg5 {[%emt 0:00:07]} 31. d5 {[%emt 0:13:10]} Qe5 1/2-1/2

[Event "CZE-ch 2020"]
[Site "Pilsen"]
[Date "2020.08.25"]
[Round "3.12"]
[White "Nytra, Ondrej"]
[Black "Mica, Marek"]
[Result "0-1"]
[WhiteElo "1925"]
[BlackElo "2315"]
[Annotator "ChessBase"]
[PlyCount "72"]
[EventDate "2020.08.23"]
[EventType "swiss"]
[EventCountry "CZE"]
[SourceTitle "playchess.com"]
[Source "ChessBase"]
[SourceQuality "1"]
[TimeControl "40/5400+30:1800+30"]

1. e4 {[%emt 0:00:00]} e6 {[%emt 0:00:00]} 2. d4 {[%emt 0:00:00]} d5 {[%emt 0:00:00]} 3. e5 {[%emt 0:00:00]} c5 {[%emt 0:00:03]} 4. c3 {[%emt 0:00:00]} Nc6 {[%emt 0:00:06]} 5. Nf3 {[%emt 0:00:00]} Bd7 {[%emt 0:00:19]} 6. Be2 {[%emt 0:01:04]} Nge7 {[%emt 0:00:13]} 7. O-O {[%emt 0:03:08]} cxd4 {[%emt 0:01:40]} 8. cxd4 {[%emt 0:00:08]} Nf5 {[%emt 0:00:08]} 9. b3 {[%emt 0:01:19]} Be7 {[%emt 0:01:12]} 10. Nc3 {[%emt 0:05:18]} h5 {[%emt 0:09:17]} 11. Be3 {[%emt 0:10:48]} Rc8 {[%emt 0:01:58]} 12. Bd3 {[%emt 0:05:53]} Ncxd4 {[%emt 0:42:04]} 13. Nxd4 {[%emt 0:02:30]} Nxe3 {[%emt 0:02:25]} 14. fxe3 {[%emt 0:00:05]} Rxc3 {[%emt 0:00:08]} 15. Nb5 {[%emt 0:08:28]} Rc5 {[%emt 0:03:34]} 16. Qf3 {[%emt 0:01:56]} Bxb5 {[%emt 0:04:50]} 17. Qxf7+ {[%emt 0:07:25]} Kd7 {[%emt 0:00:05]} 18. Bxb5+ {[%emt 0:02:35]} Rxb5 {[%emt 0:00:06]} 19. Qxg7 {[%emt 0:01:28]} Qg8 {[%emt 0:01:02]} 20. Rf7 {[%emt 0:00:17]} Qxg7 {[%emt 0:00:25]} 21. Rxg7 {[%emt 0:00:07]} Rf8 {[%emt 0:00:21]} 22. Rc1 {[%emt 0:01:36]} b6 {[%emt 0:00:56]} 23. Rh7 {[%emt 0:00:41]} Rf5 {[%emt 0:00:33]} 24. Rf1 {[%emt 0:00:21]} Rxf1+ {[%emt 0:00:37]} 25. Kxf1 {[%emt 0:00:06]} h4 {[%emt 0:00:15]} 26. Kf2 {[%emt 0:01:28]} Ra5 {[%emt 0:00:14]} 27. a4 {[%emt 0:00:12]} b5 {[%emt 0:00:10]} 28. axb5 {[%emt 0:00:21]} Rxb5 {[%emt 0:00:07]} 29. g4 {[%emt 0:00:09]} hxg3+ {[%emt 0:00:12]} 30. hxg3 {[%emt 0:00:08]} Rxb3 {[%emt 0:00:06]} 31. g4 {[%emt 0:00:03]} a5 {[%emt 0:00:18]} 32. g5 {[%emt 0:00:06]} a4 {[%emt 0:00:16]} 33. g6 {[%emt 0:00:16]} Rb8 {[%emt 0:00:17]} 34. g7 {[%emt 0:02:09]} Rg8 {[%emt 0:00:13]} 35. Kf3 {[%emt 0:00:02]} a3 {[%emt 0:00:25]} 36. Kf2 {[%emt 0:01:54]} Ke8 {[%emt 0:00:44]} 0-1

[Event "CZE-ch 2020"]
[Site "Pilsen"]
[Date "2020.08.25"]
[Round "3.13"]
[White "Jurek, Josef"]
[Black "Orsag, Milan"]
[Result "0-1"]
[WhiteElo "2234"]
[BlackElo "2300"]
[Annotator "TA"]
[PlyCount "88"]
[EventDate "2020.08.23"]
[EventType "swiss"]
[EventCountry "CZE"]
[SourceTitle "playchess.com"]
[Source "ChessBase"]
[SourceQuality "1"]

{[%evp 10,88,66,69,84,82,83,78,77,76,84,84,83,77,83,85,102,91,98,95,94,75,81,85,77,83,88,67,93,50,79,38,46,50,51,45,53,54,43,49,68,85,85,0,0,0,0,0,0,-202,-202,-195,-195,-195,-195,-484,-68,-456,-15,-17,-15,-22,-11,-67,-67,-339,-47,-54,-55,-50,0,0,0,0,0,-29964,-29961,-6145,-5219,-29975,-293]} 1. Nf3 d6 2. d4 Bg4 3. c4 Nd7 4. Nc3 e5 5. g3 Bxf3 6. exf3 exd4 {A41: 1 d4 d6: Tartakower System and Modern Defence.} 7. Qxd4 Ngf6 8. Bg2 Be7 {White is better.} 9. O-O O-O 10. f4 c6 11. b3 Qb6 12. Qd3 {[#]} Nc5 $146 ({Predecessor:} 12... Rfe8 13. Na4 Qc7 14. Bb2 Rad8 15. Rad1 Bf8 16. Qc2 a6 17. Nc3 Nc5 18. b4 Ncd7 {½-½ (34) Knott,S (2317)-Mchedlishvili,M (2649) Hastings 2013}) 13. Qf5 Rfe8 14. Rb1 a5 15. Be3 Qc7 16. a3 g6 17. Qc2 Ncd7 18. Qd2 Nb6 19. h3 Nfd7 20. Qd3 Nc5 21. Qc2 a4 22. Nxa4 Nbxa4 23. bxa4 Bf6 24. Rb4 Re7 25. Rfb1 Rae8 26. Bxc5 ({White should play} 26. Qd2 $16) 26... dxc5 $11 27. Rxb7 Qxb7 28. Rxb7 Rxb7 29. Bxc6 $2 (29. Qd1 $11 {and White stays safe.}) 29... Re1+ $19 30. Kg2 Rb2 31. Qd3 Bd4 {[%csl Gd4][%cal Rb2f2]} 32. h4 $2 (32. Qf3) 32... Rxf2+ 33. Kh3 Re6 $2 ({Black should try} 33... Ree2 $1 $19 34. Qxe2 Rxe2) 34. Be4 $1 $11 Kg7 {aiming for ...f5.} 35. a5 $1 Ra6 36. Bd5 (36. h5 $11) 36... Rxa5 $15 37. Qe4 $2 {[%mdl 8192]} (37. Qb3 $15 Rb2 38. Qf3) 37... Ra7 $2 ({Better is} 37... Rxa3 $19 {Hoping for ...Re3.} 38. h5 Re3) 38. Qe8 h5 $1 39. a4 Ra2 (39... Bf6 $5 {[%cal Ra7e7]} 40. Qe3 Rc2 $11) 40. f5 $1 {[%cal Rf5g6]} gxf5 41. Qc8 Rf2 {Threatens to win with ...Re7.} (41... Bg1 $5 42. Bg2 $8 Re7 $11) 42. a5 $2 {[%mdl 8192]} (42. Qe8 $11) 42... Re7 $1 43. Qd8 Bf6 $1 {( -> ...Ree2)} 44. Bxf7 {[#]} Rh2+ $1 {[%mdl 512] Accuracy: White = 67%, Black = 76%.} 0-1

[Event "CZE-ch 2020"]
[Site "Pilsen"]
[Date "2020.08.25"]
[Round "3.14"]
[White "Vorisek, Jakub"]
[Black "Michalik, Peter"]
[Result "0-1"]
[WhiteElo "2205"]
[BlackElo "2593"]
[Annotator "ChessBase"]
[PlyCount "64"]
[EventDate "2020.08.23"]
[EventType "swiss"]
[EventCountry "CZE"]
[SourceTitle "playchess.com"]
[Source "ChessBase"]
[SourceQuality "1"]
[TimeControl "40/5400+30:1800+30"]

1. e4 {[%emt 0:00:00]} e5 {[%emt 0:00:00]} 2. Nf3 {[%emt 0:00:00]} Nc6 {[%emt 0:00:00]} 3. Bb5 {[%emt 0:00:17]} a6 {[%emt 0:00:00]} 4. Ba4 {[%emt 0:00:24]} Nf6 {[%emt 0:00:00]} 5. O-O {[%emt 0:00:30]} Be7 {[%emt 0:00:03]} 6. Re1 {[%emt 0:01:06]} b5 {[%emt 0:00:09]} 7. Bb3 {[%emt 0:00:41]} d6 {[%emt 0:00:08]} 8. h3 {[%emt 0:01:21]} O-O {[%emt 0:02:06]} 9. a4 {[%emt 0:03:01]} Bb7 {[%emt 0:05:35]} 10. d3 {[%emt 0:02:27]} Nd7 {[%emt 0:00:06]} 11. Be3 {[%emt 0:12:55]} Na5 {[%emt 0:13:11]} 12. Ba2 {[%emt 0:04:11]} bxa4 {[%emt 0:00:19]} 13. Nc3 {[%emt 0:02:39]} Nb6 {[%emt 0:00:06]} 14. Bxb6 {[%emt 0:04:31]} cxb6 {[%emt 0:00:05]} 15. Nxa4 {[%emt 0:00:16]} Nc6 {[%emt 0:06:01]} 16. Bd5 {[%emt 0:07:49]} b5 {[%emt 0:02:02]} 17. Nc3 {[%emt 0:00:17]} Qd7 {[%emt 0:00:06]} 18. Qd2 {[%emt 0:02:55]} Bd8 {[%emt 0:01:23]} 19. Nh2 {[%emt 0:05:41]} Bb6 {[%emt 0:03:13]} 20. Ng4 {[%emt 0:03:12]} Ne7 {[%emt 0:04:26]} 21. Qg5 {[%emt 0:17:31]} Kh8 {[%emt 0:01:32]} 22. Nf6 {[%emt 0:07:04]} gxf6 {[%emt 0:00:30]} 23. Qxf6+ {[%emt 0:00:07]} Kg8 {[%emt 0:00:03]} 24. Bxb7 {[%emt 0:00:46]} Qxb7 {[%emt 0:00:06]} 25. Nd5 {[%emt 0:00:18]} Bd8 {[%emt 0:06:08]} 26. Qxd6 {[%emt 0:01:26]} Ng6 {[%emt 0:10:47]} 27. Ra2 {[%emt 0:07:53]} a5 {[%emt 0:00:18]} 28. b4 {[%emt 0:02:17]} a4 {[%emt 0:05:44]} 29. c4 {[%emt 0:01:08]} Rc8 {[%emt 0:00:18]} 30. Ne3 {[%emt 0:03:48]} bxc4 {[%emt 0:02:34]} 31. dxc4 {[%emt 0:00:15]} Qxe4 {[%emt 0:01:29]} 32. Rxa4 {[%emt 0:01:31]} Rxc4 {[%emt 0:00:22]} 0-1

[Event "CZE-ch 2020"]
[Site "Pilsen"]
[Date "2020.08.25"]
[Round "3.15"]
[White "Simacek, Pavel"]
[Black "Ludvik, Tomas"]
[Result "1-0"]
[WhiteElo "2474"]
[BlackElo "2202"]
[Annotator "ChessBase"]
[PlyCount "61"]
[EventDate "2020.08.23"]
[EventType "swiss"]
[EventCountry "CZE"]
[SourceTitle "playchess.com"]
[Source "ChessBase"]
[SourceQuality "1"]
[TimeControl "40/5400+30:1800+30"]

1. d4 {[%emt 0:01:27]} d5 {[%emt 0:00:00]} 2. c4 {[%emt 0:00:34]} c6 {[%emt 0:00:00]} 3. Nc3 {[%emt 0:00:25]} e6 {[%emt 0:02:02]} 4. e4 {[%emt 0:02:45]} dxe4 {[%emt 0:00:33]} 5. Nxe4 {[%emt 0:00:09]} Bb4+ {[%emt 0:00:26]} 6. Bd2 {[%emt 0:01:10]} Qxd4 {[%emt 0:03:06]} 7. Bxb4 {[%emt 0:00:10]} Qxe4+ {[%emt 0:00:04]} 8. Be2 {[%emt 0:01:45]} Qxg2 {[%emt 0:06:30]} 9. Bf3 {[%emt 0:00:22]} Qg5 {[%emt 0:03:54]} 10. Ne2 {[%emt 0:00:57]} Nd7 {[%emt 0:08:25]} 11. Rg1 {[%emt 0:01:22]} Qf6 {[%emt 0:03:07]} 12. Bc3 {[%emt 0:08:06]} e5 {[%emt 0:04:20]} 13. Ng3 {[%emt 0:00:17]} g6 {[%emt 0:02:41]} 14. Ne4 {[%emt 0:01:34]} Qe6 {[%emt 0:02:33]} 15. Qd2 {[%emt 0:11:34]} f5 {[%emt 0:04:41]} 16. Nd6+ {[%emt 0:03:45]} Ke7 {[%emt 0:03:15]} 17. O-O-O {[%emt 0:01:56]} Ngf6 {[%emt 0:01:50]} 18. Qg5 {[%emt 0:08:42]} Kd8 {[%emt 0:14:34]} 19. Ba5+ {[%emt 0:12:59]} Ke7 {[%emt 0:04:48]} 20. Rge1 {[%emt 0:02:11]} Rg8 {[%emt 0:18:04]} 21. Bb4 {[%emt 0:03:22]} Kd8 {[%emt 0:02:35]} 22. Ba5+ {[%emt 0:12:34]} Ke7 {[%emt 0:00:17]} 23. Bh1 {[%emt 0:00:45]} Kf8 {[%emt 0:04:09]} 24. Bc3 {[%emt 0:01:32]} Rg7 {[%emt 0:02:39]} 25. f4 {[%emt 0:01:47]} e4 {[%emt 0:00:43]} 26. Bxe4 {[%emt 0:01:08]} h6 {[%emt 0:04:49]} 27. Qh4 {[%emt 0:00:35]} g5 {[%emt 0:02:26]} 28. Qxh6 {[%emt 0:00:17]} fxe4 {[%emt 0:00:29]} 29. Rxe4 {[%emt 0:00:34]} Qg4 {[%emt 0:00:45]} 30. Bxf6 {[%emt 0:01:08]} Nxf6 {[%emt 0:00:12]} 31. Qh8+ {[%emt 0:00:10]} 1-0

[Event "CZE-ch 2020"]
[Site "Pilsen"]
[Date "2020.08.25"]
[Round "3.16"]
[White "Houska, Jiri"]
[Black "Malinovsky, Karel"]
[Result "0-1"]
[WhiteElo "2202"]
[BlackElo "2474"]
[Annotator "ChessBase"]
[PlyCount "88"]
[EventDate "2020.08.23"]
[EventType "swiss"]
[EventCountry "CZE"]
[SourceTitle "playchess.com"]
[Source "ChessBase"]
[SourceQuality "1"]
[TimeControl "40/5400+30:1800+30"]

1. d4 {[%emt 0:00:00]} d5 {[%emt 0:00:00]} 2. c4 {[%emt 0:00:01]} e6 {[%emt 0:00:01]} 3. Nc3 {[%emt 0:00:19]} Be7 {[%emt 0:00:07]} 4. Nf3 {[%emt 0:00:18]} Nf6 {[%emt 0:00:11]} 5. Bg5 {[%emt 0:00:12]} h6 {[%emt 0:00:30]} 6. Bh4 {[%emt 0:00:29]} O-O {[%emt 0:00:10]} 7. e3 {[%emt 0:00:12]} b6 {[%emt 0:00:19]} 8. Be2 {[%emt 0:02:07]} Bb7 {[%emt 0:00:58]} 9. Bxf6 {[%emt 0:00:54]} Bxf6 {[%emt 0:00:09]} 10. cxd5 {[%emt 0:00:03]} exd5 {[%emt 0:00:32]} 11. b4 {[%emt 0:00:28]} c6 {[%emt 0:01:51]} 12. O-O {[%emt 0:00:41]} Re8 {[%emt 0:03:35]} 13. Qb3 {[%emt 0:01:25]} a5 {[%emt 0:06:46]} 14. bxa5 {[%emt 0:06:55]} Rxa5 {[%emt 0:00:08]} 15. a4 {[%emt 0:00:43]} Nd7 {[%emt 0:05:18]} 16. Rab1 {[%emt 0:01:52]} g6 {[%emt 0:02:19]} 17. h3 {[%emt 0:02:53]} Bg7 {[%emt 0:00:24]} 18. Bd3 {[%emt 0:00:36]} Bf8 {[%emt 0:07:13]} 19. Rfc1 {[%emt 0:21:11]} Bd6 {[%emt 0:13:30]} 20. Qc2 {[%emt 0:03:19]} Kg7 {[%emt 0:05:18]} 21. Nd2 {[%emt 0:03:46]} Ra8 {[%emt 0:09:03]} 22. Be2 {[%emt 0:04:49]} Nf8 {[%emt 0:07:22]} 23. Bf3 {[%emt 0:04:12]} h5 {[%emt 0:02:21]} 24. g3 {[%emt 0:05:23]} h4 {[%emt 0:07:25]} 25. g4 {[%emt 0:00:06]} Ne6 {[%emt 0:01:37]} 26. Bg2 {[%emt 0:00:06]} Bc7 {[%emt 0:02:46]} 27. f4 {[%emt 0:08:48]} c5 {[%emt 0:05:27]} 28. f5 {[%emt 0:01:30]} Ng5 {[%emt 0:06:17]} 29. Nf1 {[%emt 0:05:30]} cxd4 {[%emt 0:01:59]} 30. exd4 {[%emt 0:00:05]} Bf4 {[%emt 0:02:12]} 31. Re1 {[%emt 0:00:19]} Rxe1 {[%emt 0:01:46]} 32. Rxe1 {[%emt 0:00:06]} Qc7 {[%emt 0:01:02]} 33. Qd3 {[%emt 0:01:37]} Rc8 {[%emt 0:04:34]} 34. Nxd5 {[%emt 0:04:58]} Bxd5 {[%emt 0:00:06]} 35. Bxd5 {[%emt 0:00:10]} Qc3 {[%emt 0:00:58]} 36. Qxc3 {[%emt 0:06:45]} Rxc3 {[%emt 0:00:02]} 37. fxg6 {[%emt 0:03:07]} fxg6 {[%emt 0:01:01]} 38. Bg2 {[%emt 0:09:24]} Nxh3+ {[%emt 0:00:13]} 39. Bxh3 {[%emt 0:00:02]} Rxh3 {[%emt 0:00:09]} 40. Rb1 {[%emt 0:00:50]} Ra3 {[%emt 0:03:06]} 41. Rxb6 {[%emt 0:30:37]} Rxa4 {[%emt 0:30:10]} 42. Kg2 {[%emt 0:02:14]} Ra3 {[%emt 0:00:00]} 43. Rb2 {[%emt 0:00:00]} Kh6 {[%emt 0:00:00]} 44. Nh2 {[%emt 0:00:00]} h3+ {[%emt 0:00:00]} 0-1

[Event "CZE-ch 2020"]
[Site "Pilsen"]
[Date "2020.08.25"]
[Round "3.17"]
[White "Simek, Petr"]
[Black "Simet, Martin"]
[Result "0-1"]
[WhiteElo "2324"]
[BlackElo "2194"]
[Annotator "ChessBase"]
[PlyCount "50"]
[EventDate "2020.08.23"]
[EventType "swiss"]
[EventCountry "CZE"]
[SourceTitle "playchess.com"]
[Source "ChessBase"]
[SourceQuality "1"]
[TimeControl "40/5400+30:1800+30"]

1. c4 {[%emt 0:00:00]} d6 {[%emt 0:00:00]} 2. Nc3 {[%emt 0:00:13]} g6 {[%emt 0:01:02]} 3. g3 {[%emt 0:02:26]} Bg7 {[%emt 0:00:41]} 4. Bg2 {[%emt 0:00:06]} Nf6 {[%emt 0:01:12]} 5. Nf3 {[%emt 0:01:34]} O-O {[%emt 0:00:22]} 6. O-O {[%emt 0:00:16]} e5 {[%emt 0:01:40]} 7. d4 {[%emt 0:00:56]} Nbd7 {[%emt 0:03:15]} 8. e4 {[%emt 0:01:33]} a6 {[%emt 0:03:51]} 9. Qc2 {[%emt 0:05:31]} Rb8 {[%emt 0:03:32]} 10. Rd1 {[%emt 0:01:58]} Re8 {[%emt 0:02:59]} 11. dxe5 {[%emt 0:28:31]} dxe5 {[%emt 0:00:37]} 12. h3 {[%emt 0:00:07]} c6 {[%emt 0:04:10]} 13. Be3 {[%emt 0:01:25]} b5 {[%emt 0:05:48]} 14. c5 {[%emt 0:02:44]} a5 {[%emt 0:02:24]} 15. a4 {[%emt 0:01:23]} b4 {[%emt 0:01:49]} 16. Nb1 {[%emt 0:01:00]} b3 {[%emt 0:06:02]} 17. Qd3 {[%emt 0:02:22]} Qe7 {[%emt 0:02:04]} 18. Nfd2 {[%emt 0:00:24]} Nxc5 {[%emt 0:01:44]} 19. Qc3 {[%emt 0:00:31]} Nfd7 {[%emt 0:02:04]} 20. Qxa5 {[%emt 0:20:22]} Ba6 {[%emt 0:04:38]} 21. Ra3 {[%emt 0:14:08]} Bd3 {[%emt 0:03:34]} 22. Rc1 {[%emt 0:03:28]} Bc2 {[%emt 0:00:44]} 23. Qc3 {[%emt 0:00:10]} Nd3 {[%emt 0:09:39]} 24. Rf1 {[%emt 0:04:41]} Qe6 {[%emt 0:03:49]} 25. Nc4 {[%emt 0:04:52]} Bf8 {[%emt 0:00:48]} 0-1